书目信息 |
| 题名: |
梅竹兰菊四谱
|
|
| 作者: | 黄凤池 辑 | |
| 分册: | 《唐诗画谱》之四 | |
| 出版信息: | 北京 文物出版社 1982 |
|
| 页数: | 一册 | |
| 开本: | 25cm | |
| 丛书名: | ||
| 单 册: | ||
| 中图分类: | J227 | |
| 科图分类: | ||
| 主题词: | 花卉画-技法(美术) , 技法(美术)-花卉画 , 绘画--中国 | |
| 电子资源: | ||
| ISBN: | ||
| 000 | 00702nam0 2200265 45 | |
| 001 | 0182007293 | |
| 005 | 20040518112401.9 | |
| 010 | @dCNY1.00 | |
| 091 | @a8068.970 | |
| 100 | @a19950612d1982 emky0chiy0121 ea | |
| 101 | 0 | @achi |
| 102 | @aCN@b110000 | |
| 105 | @ah z 000yy | |
| 106 | @ar | |
| 200 | 10 | @a梅竹兰菊四谱@Amei zhu lan ju si pu@f(明)黄凤池等辑@h《唐诗画谱》之四 |
| 210 | @a北京@c文物出版社@d1982 | |
| 215 | @a一册@d25cm | |
| 606 | @a花卉画-技法(美术) | |
| 606 | @a技法(美术)-花卉画 | |
| 606 | 0 | @a绘画@x中国 |
| 690 | @aJ227 | |
| 701 | 0 | @a黄凤池@Ahuang feng chi@f明@4辑 |
| 801 | 0 | @aCN@b上海图书馆@c20040518 |
| 801 | 2 | @aCN@bNLC@c20040518 |
| 905 | @f1@b208646@dJ227@e43:4 | |
| 梅竹兰菊四谱/(明)黄凤池等辑.《唐诗画谱》之四.-北京:文物出版社,1982 |
| 一册;25cm |
| ISBN :CNY1.00 |
| ● |
| 相关链接 |
|
|
|
|
正题名:梅竹兰菊四谱
索取号:J227/43:4
 
预约/预借
| 序号 | 登录号 | 条形码 | 馆藏地/架位号 | 状态 | 备注 |
| 1 | 0208646 | 000795232 | 第一借阅区/ [索取号:J227/43:4] | 在馆 |